Normal view MARC view
  • Indígenas de México

Entry Materia

Number of records used in: 1

001 - NÚMERO DE CONTROL DEL REGISTRO

  • campo de control: 24404

003 - IDENTIFICADOR DE NUMERO DE CONTROL

  • campo de control: MX-MxUPN

005 - FECHA Y HORA DE LA ÚLTIMA TRANSACCIÓN

  • campo de control: 20231123204404.0

008 - DATOS DE LONGITUD FIJA

  • campo de control de longitud fija: 231123nn fnnnnbaba n ana |d

035 ## - NÚMERO DE CONTROL DEL SISTEMA

  • Número de control del sistema: UPN10000024413

040 ## - FUENTE DE LA CATALOGACIÓN

  • Lengua de catalogación: spa
  • Centro catalogador de origen: MX-MxUPN

150 ## - ENCABEZAMIENTO - TEMÁTICO

  • Término de materia o nombre geográfico como elemento inicial: Indígenas de México
  • Subdivisión geográfica: Sierra Gorda, Querétaro
  • Subdivisión de materia general: Vida social y costumbres

450 ## - VÉASE - MATERIA

  • Encabezamiento temático: Indios de México
  • Subdivisión geográfica: Sierra Gorda, Querétaro
  • Subdivisión temática general: Vida social y costumbres
  • Subcampo de control: nno

670 ## - FUENTE EN LA QUE SE LOCALIZARON DATOS

  • Cita de la fuente: LC Authorities, 23 noviembre 2023 :
  • Información localizada: (Indians of Mexico - Mexico - Sierra Gorda Region - Social life and customs)

670 ## - FUENTE EN LA QUE SE LOCALIZARON DATOS

  • Cita de la fuente: Autoridades BGTQ, 23 noviembre 2023 :
  • Información localizada: (Indígenas de México)

902 ## - CATALOGADOR

  • Catalogador: MCM/200116
  • Catalogador: VíctorGodínez/231123